[Event "Autunno Scacchistico Magistrale"]
[Site "Venezia ITA"]
[Date "2003.10.30"]
[Round "1"]
[White "Alberti, Andrea"]
[Black "Quaranta, Cristiano"]
[Result "1-0"]
[WhiteElo "2174"]
[BlackElo "1942"]
[PlyCount "57"]
[EventDate "2003.10.30"]

1. d4 Nf6 2. c4 e6 3. Nc3 Bb4 4. e3 O-O 5. Nge2 d5 6. a3 Be7 7. Ng3 dxc4 8.
Bxc4 c5 9. O-O cxd4 10. exd4 Nc6 11. Be3 b6 12. d5 Na5 13. Ba2 exd5 14. Nxd5
Nxd5 15. Bxd5 Bb7 16. Bxb7 Nxb7 17. Qf3 Nc5 18. Rad1 Qc8 19. Bd4 Ne6 20. Nf5
Bc5 21. Qg4 f6 22. b4 h5 23. Qxh5 Nxd4 24. Rxd4 Qe8 25. Qxe8 Rfxe8 26. bxc5 Re5
27. g4 Rxc5 28. Rd7 Kh8 29. Re1 1-0

[Event "Autunno Scacchistico Magistrale"]
[Site "Venezia ITA"]
[Date "2003.10.30"]
[Round "1"]
[White "Cristiani, Cesare"]
[Black "Buchicchio, Giancarlo"]
[Result "0-1"]
[WhiteElo "2137"]
[BlackElo "1891"]
[PlyCount "80"]
[EventDate "2003.10.30"]

1. d4 Nf6 2. c4 c5 3. d5 b5 4. cxb5 a6 5. Nc3 g6 6. a4 d6 7. Nf3 Bg7 8. Ra3
axb5 9. Nxb5 Na6 10. e3 Nb4 11. Nc3 O-O 12. e4 Qa5 13. Bd2 Ba6 14. Bb5 Nxe4 15.
Nxe4 Bxb2 16. Rb3 Bxb5 17. Bxb4 Qxa4 18. Rxb2 Qxd1+ 19. Kxd1 Ra1+ 20. Kc2 Rxh1
21. Be1 Bf1 22. Ng3 Bxg2 23. Nxh1 Bxf3 24. Ng3 Bxd5 25. Bc3 Ra8 26. Kd2 f5 27.
f4 Kf7 28. Ne2 Ra1 29. Nc1 Ra4 30. Nd3 Be4 31. Nf2 d5 32. Be5 d4 33. h4 Ra3 34.
h5 gxh5 35. Ke2 Rf3 36. Nxe4 fxe4 37. Rb8 d3+ 38. Kd2 Rf2+ 39. Ke1 e3 40. Bc3
d2+ 0-1

[Event "Autunno Scacchistico Magistrale"]
[Site "Venezia ITA"]
[Date "2003.10.30"]
[Round "1"]
[White "Di Lascio, Savino"]
[Black "Drazic, Sinisa"]
[Result "0-1"]
[WhiteElo "2101"]
[BlackElo "2467"]
[PlyCount "58"]
[EventDate "2003.10.30"]

1. Nf3 g6 2. g3 Bg7 3. Bg2 d5 4. d3 Nc6 5. c3 a5 6. a4 e5 7. O-O Nge7 8. Na3
O-O 9. Bd2 h6 10. Nb5 Be6 11. h3 Kh7 12. e4 Qd7 13. g4 Rad8 14. Qe2 g5 15. Rfd1
Ng6 16. Nh2 Nce7 17. c4 dxc4 18. dxc4 Qc6 19. b3 Nf4 20. Bxf4 exf4 21. e5 Qc5
22. Be4+ Kh8 23. Nf3 Bxe5 24. Bxb7 Bxa1 25. Rxa1 c6 26. Nbd4 Rd6 27. b4 Qxb4
28. Nxe6 Rxe6 29. Ne5 Kg7 0-1

[Event "Autunno Scacchistico Magistrale"]
[Site "Venezia ITA"]
[Date "2003.10.30"]
[Round "1"]
[White "Genocchio, Daniele"]
[Black "Genna, Jose' Miguel"]
[Result "0-1"]
[WhiteElo "2333"]
[BlackElo "2048"]
[PlyCount "98"]
[EventDate "2003.10.30"]

1. d4 e6 2. e4 d5 3. Nc3 Bb4 4. e5 c5 5. a3 Bxc3+ 6. bxc3 Ne7 7. Bd3 Qa5 8. Bd2
c4 9. Bf1 Nbc6 10. a4 Bd7 11. Qg4 Nf5 12. Qh3 O-O-O 13. g4 Nfe7 14. Ne2 f6 15.
f4 f5 16. Ng3 g6 17. Be2 Rdf8 18. Qh6 Qb6 19. Bc1 Qa5 20. Bd2 Qb6 21. Qh4 Rf7
22. Kf2 Qa5 23. Rhd1 Rhf8 24. Kg1 Kb8 25. Qh3 Ka8 26. Bf3 Rg8 27. Kh1 Rgf8 28.
Be1 Nd8 29. Ne2 fxg4 30. Bxg4 h5 31. Bf3 Nf5 32. Bh4 Nxh4 33. Qxh4 Nc6 34. Rdb1
Ne7 35. Rb4 Qd8 36. Rab1 Bc6 37. Bg2 Qe8 38. Bh3 Nf5 39. Bxf5 Rxf5 40. a5 g5
41. fxg5 Rf2 42. Re1 Qf7 43. Qh3 Qg6 44. Ng3 Qxg5 45. Qxh5 Qd2 46. Rbb1 Qxc3
47. Rf1 Qxd4 48. Qh6 Qc5 49. Qh3 d4+ 0-1

[Event "Autunno Scacchistico Magistrale"]
[Site "Venezia ITA"]
[Date "2003.10.30"]
[Round "1"]
[White "Groszpeter, Attila"]
[Black "Pfeifer, Andreas"]
[Result "1-0"]
[WhiteElo "2497"]
[BlackElo "2122"]
[PlyCount "37"]
[EventDate "2003.10.30"]

1. e4 d5 2. exd5 Nf6 3. d4 Nxd5 4. c4 Nb6 5. c5 Nd5 6. Nc3 c6 7. Nf3 b6 8. Qa4
bxc5 9. Nxd5 Qxd5 10. Bc4 Qe4+ 11. Be3 e6 12. O-O-O Be7 13. Rhe1 O-O 14. Bd3
Qd5 15. dxc5 Qh5 16. g4 Qh3 17. Qe4 Nd7 18. Bf1 e5 19. Nxe5 1-0

[Event "Autunno Scacchistico Magistrale"]
[Site "Venezia ITA"]
[Date "2003.10.30"]
[Round "1"]
[White "Jurkovic, Ante"]
[Black "Bonafede, Alessandro"]
[Result "1-0"]
[WhiteElo "2317"]
[BlackElo "2034"]
[PlyCount "37"]
[EventDate "2003.10.30"]

1. e4 c5 2. Nf3 Nc6 3. d4 cxd4 4. Nxd4 Nf6 5. Nc3 e5 6. Ndb5 d6 7. Bg5 a6 8.
Na3 b5 9. Bxf6 gxf6 10. Nd5 Bg7 11. c3 f5 12. exf5 Bxf5 13. Nc2 Be6 14. g3 O-O
15. Bg2 Rb8 16. O-O a5 17. a3 Kh8 18. Qh5 Qd7 19. Nf6 1-0

[Event "Autunno Scacchistico Magistrale"]
[Site "Venezia ITA"]
[Date "2003.10.30"]
[Round "1"]
[White "Laketic, Gojko"]
[Black "Maneschi, Giuseppe"]
[Result "1-0"]
[WhiteElo "2399"]
[BlackElo "2091"]
[PlyCount "85"]
[EventDate "2003.10.30"]

1. d4 g6 2. c4 Bg7 3. Nc3 c5 4. d5 Bxc3+ 5. bxc3 f5 6. g4 fxg4 7. e4 d6 8. h3
g3 9. f4 h5 10. Nf3 Qa5 11. Bd2 Nd7 12. h4 Nf8 13. Qb1 Qb6 14. Rg1 Nf6 15. e5
Bg4 16. Ng5 N6d7 17. e6 Nf6 18. Qc2 Rg8 19. Nf7 Qa5 20. Rxg3 Rg7 21. Bd3 N6d7
22. Nh6 Nf6 23. f5 O-O-O 24. fxg6 Qc7 25. Nf7 Re8 26. Bh6 Rg8 27. g7 Nxe6 28.
Bf5 Kb8 29. Bxe6 Bxe6 30. dxe6 d5 31. Rf3 Qb6 32. Rxf6 exf6 33. cxd5 Rxe6+ 34.
dxe6 Qxe6+ 35. Qe2 Qxf7 36. O-O-O Re8 37. Bf4+ Ka8 38. Qxe8+ Qxe8 39. Bd6 Qe3+
40. Kb1 Qe4+ 41. Ka1 b6 42. g8=Q+ Kb7 43. Qd5+ 1-0

[Event "Autunno Scacchistico Magistrale"]
[Site "Venezia ITA"]
[Date "2003.10.30"]
[Round "1"]
[White "Navarro, Emanuele"]
[Black "Di Lazzaro, Gabriele"]
[Result "1/2-1/2"]
[WhiteElo "2217"]
[BlackElo "2013"]
[PlyCount "79"]
[EventDate "2003.10.30"]

1. d4 d5 2. Nf3 Nf6 3. c3 g6 4. Bf4 Bg7 5. e3 O-O 6. Bd3 Nbd7 7. Nbd2 Re8 8.
Ne5 Nh5 9. g4 Nxf4 10. exf4 c5 11. Qf3 cxd4 12. cxd4 Qb6 13. Nb3 Qe6 14. Be2 a5
15. O-O a4 16. Nd2 Nxe5 17. fxe5 f6 18. exf6 exf6 19. Rfe1 Qd6 20. Qg3 Qxg3+
21. hxg3 Bd7 22. Bf3 Bc6 23. Nf1 f5 24. Red1 fxg4 25. Bxg4 Re4 26. Ne3 Rxd4 27.
Be6+ Kf8 28. Bxd5 Bxd5 29. Nxd5 Rxd1+ 30. Rxd1 Bxb2 31. Nb6 Ra7 32. Rd7 h5 33.
Nc4 a3 34. Nd6 Kg8 35. Nb5 Ra4 36. Rxb7 Rc4 37. Ra7 Rc1+ 38. Kg2 Ra1 39. Nxa3
Rxa2 40. Nb5 1/2-1/2

[Event "Autunno Scacchistico Magistrale"]
[Site "Venezia ITA"]
[Date "2003.10.30"]
[Round "1"]
[White "Navarro, Stefano"]
[Black "Godena, Michele"]
[Result "0-1"]
[WhiteElo "2127"]
[BlackElo "2523"]
[PlyCount "138"]
[EventDate "2003.10.30"]

1. e4 e5 2. Nf3 Nc6 3. Bc4 Nf6 4. d3 h6 5. Nc3 d6 6. h3 Na5 7. Bb3 Nxb3 8. axb3
c6 9. O-O Be7 10. Qe2 O-O 11. Nh2 Nh7 12. Be3 a6 13. f4 exf4 14. Bxf4 f5 15.
Qh5 Bd7 16. Be3 Qe8 17. Qxe8 Raxe8 18. Rae1 fxe4 19. Nxe4 Rxf1+ 20. Nxf1 d5 21.
Nf2 Bf6 22. c3 Ng5 23. Bd2 Rxe1 24. Bxe1 Ne6 25. b4 c5 26. bxc5 Nxc5 27. Ne3 d4
28. Neg4 Bxg4 29. hxg4 Na4 30. Nd1 Nc5 31. cxd4 Bxd4+ 32. Bf2 Bxf2+ 33. Nxf2
Kf7 34. Kf1 a5 35. Ke2 Na4 36. Nd1 Ke6 37. d4 b5 38. Kd3 Nb6 39. Ne3 g6 40. Ke4
a4 41. d5+ Kd6 42. Kd4 b4 43. g3 a3 44. bxa3 bxa3 45. Nc2 a2 46. Kc3 Nxd5+ 47.
Kb2 Ke5 48. Kxa2 Ke4 49. Ne1 Ke3 50. Kb3 Kf2 51. Nd3+ Kxg3 52. Ne5 Ne7 53. Kc4
Kf4 54. Kd4 g5 55. Nf7 Ng8 56. Kd3 Kxg4 57. Ke4 h5 58. Ne5+ Kh3 59. Kf5 g4 60.
Kg5 g3 61. Kxh5 g2 62. Nf3 Kg3 63. Ng1 Kf2 64. Nh3+ Kg3 65. Ng1 Nf6+ 66. Kg5
Nd5 67. Kf5 Nf4 68. Ke4 Kf2 69. Nf3 Nh3 0-1

[Event "Autunno Scacchistico Magistrale"]
[Site "Venezia ITA"]
[Date "2003.10.30"]
[Round "1"]
[White "Opacic, Alexandar"]
[Black "Kiss, Pal"]
[Result "1/2-1/2"]
[WhiteElo "2088"]
[BlackElo "2393"]
[PlyCount "66"]
[EventDate "2003.10.30"]

1. e4 c5 2. Nf3 Nc6 3. d4 cxd4 4. Nxd4 Nf6 5. Nc3 e5 6. Ndb5 d6 7. Bg5 a6 8.
Na3 b5 9. Nd5 Be7 10. Bxf6 Bxf6 11. c3 Rb8 12. Nc2 Bg5 13. Bd3 O-O 14. O-O Be6
15. Nce3 Ne7 16. Bc2 a5 17. Qd3 Bxe3 18. Nxe3 Qc7 19. Rfd1 Rfd8 20. Bb3 Qc5 21.
Bxe6 fxe6 22. Qe2 Rf8 23. Rd2 Rf4 24. Nd1 Rbf8 25. Qe3 Qc7 26. f3 d5 27. Nf2
Rd8 28. Nd3 Rff8 29. exd5 Rxd5 30. Nf2 Rfd8 31. Re2 Nf5 32. Qe4 Qc5 33. Rae1 h6
1/2-1/2

[Event "Autunno Scacchistico Magistrale"]
[Site "Venezia ITA"]
[Date "2003.10.30"]
[Round "1"]
[White "Roberti, Ignazio"]
[Black "Del Monaco, Andrea"]
[Result "0-1"]
[WhiteElo "1990"]
[BlackElo "2175"]
[PlyCount "75"]
[EventDate "2003.10.30"]

1. e4 c5 2. Nf3 e6 3. c3 Nf6 4. e5 Nd5 5. d4 cxd4 6. Qxd4 Nc6 7. Qd1 d6 8. exd6
Bxd6 9. Be2 O-O 10. O-O b6 11. Nbd2 Bb7 12. Ne4 Be7 13. Bg5 f6 14. Bd2 Qc7 15.
Qc1 Rfd8 16. Re1 Rac8 17. Bf1 Kh8 18. Be3 e5 19. Nh4 Bf8 20. g3 Qd7 21. Qd1 g5
22. Ng2 Qf7 23. Qf3 h6 24. g4 Nf4 25. Bxf4 exf4 26. Qe2 Ne5 27. f3 Nd3 28. h4
Nxe1 29. Rxe1 f5 30. Nf2 Re8 31. Qd3 Rcd8 32. Qb5 Rxe1 33. Nxe1 fxg4 34. hxg5
g3 35. Ng4 Bc5+ 36. Kg2 Qe6 37. Nxh6 Rd2+ 38. Kh1 0-1

[Event "Autunno Scacchistico Magistrale"]
[Site "Venezia ITA"]
[Date "2003.10.30"]
[Round "1"]
[White "Vianello, Enrico"]
[Black "Djuric, Stefan"]
[Result "0-1"]
[WhiteElo "2115"]
[BlackElo "2488"]
[PlyCount "98"]
[EventDate "2003.10.30"]

1. d4 c5 2. c3 e6 3. Nf3 Nf6 4. Bg5 Qb6 5. Qb3 Ne4 6. Bf4 Nc6 7. e3 d5 8. Nbd2
Nxd2 9. Nxd2 c4 10. Qxb6 axb6 11. e4 b5 12. Be2 b4 13. Bf3 bxc3 14. bxc3 Ba3
15. exd5 exd5 16. Rb1 O-O 17. Bxd5 Re8+ 18. Be3 Nxd4 19. cxd4 c3 20. Nb3 Bf5
21. Rc1 Bxc1 22. Nxc1 Rad8 23. Bxb7 Rxd4 24. O-O Rb4 25. Bd5 Rb1 26. a4 Rd8 27.
Bf3 c2 28. a5 Bd3 29. Re1 Bb5 30. h3 Ra1 31. Kh2 Re8 32. Be2 Bxe2 33. Bd4 Ra4
34. Nxe2 Rxd4 35. Nxd4 Rxe1 36. Nxc2 Re2 37. Nb4 Rxf2 38. Kg3 Rb2 39. Nc6 Rc2
40. Nb4 Rc7 41. Nd5 Rc5 42. Nf4 Rxa5 43. Kf3 f5 44. Ne6 Kf7 45. Nd4 Kf6 46. g3
Ra3+ 47. Kf2 Ke5 48. Nf3+ Kd5 49. Ne1 Ke4 0-1

[Event "Autunno Scacchistico Magistrale"]
[Site "Venezia ITA"]
[Date "2003.10.31"]
[Round "2"]
[White "Bonafede, Alessandro"]
[Black "Vianello, Enrico"]
[Result "1-0"]
[WhiteElo "2034"]
[BlackElo "2115"]
[PlyCount "101"]
[EventDate "2003.10.30"]

1. e4 c5 2. Nf3 Nc6 3. d4 cxd4 4. Nxd4 Nf6 5. Nc3 e5 6. Ndb5 d6 7. Nd5 Nxd5 8.
exd5 Nb8 9. a4 Be7 10. Be2 a6 11. Na3 O-O 12. Be3 f5 13. Nc4 Nd7 14. f3 b6 15.
O-O Bb7 16. a5 b5 17. Nb6 Nxb6 18. Bxb6 Qe8 19. b3 Rc8 20. c4 bxc4 21. bxc4 Qd7
22. Qb3 Bd8 23. Rab1 Bxb6+ 24. Qxb6 Rf7 25. Rfc1 Rc5 26. Rc2 Bc8 27. Rcb2 h6
28. Qb8 Qc7 29. Rb6 Qxb8 30. Rxb8 Kf8 31. R1b6 Ke7 32. Ra8 Kd7 33. Ra7+ Rc7 34.
Rxc7+ Kxc7 35. Bd1 Bb7 36. Ba4 Rf6 37. Bc6 Bc8 38. Kf2 f4 39. Ba4 Bb7 40. Bd7
Rf8 41. Be6 Rf6 42. Bg8 Rf8 43. Bh7 Rb8 44. Be4 Rd8 45. c5 Bxd5 46. Bxd5 dxc5
47. Rc6+ Kd7 48. Rxa6 Rb8 49. Rb6 Rd8 50. a6 Kc7 51. Rb7+ 1-0

[Event "Autunno Scacchistico Magistrale"]
[Site "Venezia ITA"]
[Date "2003.10.31"]
[Round "2"]
[White "Boricsev, Oleg"]
[Black "Genna, Jose' Miguel"]
[Result "1-0"]
[WhiteElo "2342"]
[BlackElo "2048"]
[PlyCount "111"]
[EventDate "2003.10.30"]

1. e4 e6 2. d4 d5 3. Nd2 Nf6 4. e5 Nfd7 5. Bd3 c5 6. c3 Nc6 7. Ne2 cxd4 8. cxd4
f6 9. exf6 Nxf6 10. O-O Bd6 11. Nf3 O-O 12. Bg5 e5 13. dxe5 Nxe5 14. Nxe5 Bxe5
15. Ng3 Qd6 16. Bxf6 Qxf6 17. Qb3 Be6 18. Rae1 g6 19. Re2 Bd4 20. Qxb7 Rab8 21.
Qc7 Rxb2 22. Rxb2 Bxb2 23. Qxa7 Bd4 24. Qa6 Bxf2+ 25. Kh1 Qe5 26. Bf5 Bxf5 27.
Rxf2 Bg4 28. Rxf8+ Kxf8 29. Qa3+ Kg7 30. h3 Bd1 31. Qd3 Ba4 32. a3 Bd7 33. Ne2
Bf5 34. Qd4 Kf6 35. Kg1 Be4 36. Kf2 Qxd4+ 37. Nxd4 Ke5 38. Nf3+ Bxf3 39. Kxf3
Kd4 40. Ke2 Kc3 41. Kd1 Kb3 42. Kd2 Kxa3 43. Kc3 Ka4 44. Kd4 Kb3 45. Kxd5 Kc3
46. Ke5 Kd3 47. Kf6 Ke3 48. Kg7 Kf2 49. g4 h5 50. Kxg6 h4 51. g5 Kg3 52. Kf5
Kxh3 53. g6 Kg2 54. g7 h3 55. g8=Q+ Kh2 56. Qg4 1-0

[Event "Autunno Scacchistico Magistrale"]
[Site "Venezia ITA"]
[Date "2003.10.31"]
[Round "2"]
[White "Del Monaco, Andrea"]
[Black "Buchicchio, Giancarlo"]
[Result "1/2-1/2"]
[WhiteElo "2175"]
[BlackElo "1891"]
[PlyCount "51"]
[EventDate "2003.10.30"]

1. d4 Nf6 2. c4 c5 3. d5 b5 4. cxb5 a6 5. bxa6 Bxa6 6. Nc3 g6 7. Nf3 Bg7 8. g3
d6 9. Bg2 O-O 10. O-O Nbd7 11. Rb1 Ng4 12. h3 Nge5 13. Nxe5 Nxe5 14. Qc2 Qa5
15. b3 Rfb8 16. Bd2 c4 17. b4 Rxb4 18. Rxb4 Qxb4 19. Rb1 Qa3 20. Na4 Bb5 21.
Rxb5 Qxa4 22. Rb8+ Bf8 23. Qxa4 Rxa4 24. Bh6 Nd7 25. Rc8 Rxa2 26. Bf1 1/2-1/2

[Event "Autunno Scacchistico Magistrale"]
[Site "Venezia ITA"]
[Date "2003.10.31"]
[Round "2"]
[White "Di Lazzaro, Gabriele"]
[Black "Vancini, Edoardo"]
[Result "0-1"]
[WhiteElo "2013"]
[BlackElo "2284"]
[PlyCount "92"]
[EventDate "2003.10.30"]

1. e4 c5 2. c3 Qa5 3. Na3 Nc6 4. d4 cxd4 5. Nc4 Qd8 6. cxd4 d5 7. exd5 Qxd5 8.
Be3 Nf6 9. Be2 Bg4 10. f3 Bf5 11. g4 Bxg4 12. Ne5 Bh5 13. Bc4 Qd6 14. Qa4 e6
15. a3 Be7 16. Bb5 O-O 17. Bxc6 bxc6 18. Qxc6 Nd5 19. Qxd6 Bxd6 20. Bd2 Rfc8
21. Ke2 Rc2 22. Nd3 Nf4+ 23. Kd1 Nxd3 24. Kxc2 Nf2 25. Ne2 Nxh1 26. Rxh1 Bxf3
27. Re1 Bxh2 28. Nc3 h5 29. Rf1 Bc6 30. b4 Rc8 31. Kd3 Rd8 32. b5 Bb7 33. Na4
Bd6 34. Ra1 e5 35. Ra2 exd4 36. Ba5 Re8 37. Kc4 h4 38. Nc5 Rc8 39. Bb4 h3 40.
Kxd4 Bg2 41. Nd3 Bxb4 42. axb4 Rd8+ 43. Kc5 Rxd3 44. Rxa7 h2 45. Ra1 h1=Q 46.
Rxh1 Bxh1 0-1

[Event "Autunno Scacchistico Magistrale"]
[Site "Venezia ITA"]
[Date "2003.10.31"]
[Round "2"]
[White "Djuric, Stefan"]
[Black "Alberti, Andrea"]
[Result "1-0"]
[WhiteElo "2488"]
[BlackElo "2174"]
[PlyCount "99"]
[EventDate "2003.10.30"]

1. e4 c5 2. Nf3 e6 3. Nc3 a6 4. g3 Nc6 5. Bg2 d6 6. O-O Bd7 7. a3 e5 8. Nd5 Be7
9. b4 Nf6 10. Rb1 b5 11. d3 O-O 12. Nd2 cxb4 13. axb4 Nxd5 14. exd5 Nd4 15. c3
Nf5 16. Nb3 Bf6 17. Na5 Qc8 18. Bd2 Ne7 19. Re1 Bf5 20. Be4 Bg4 21. Qb3 Qd7 22.
c4 Rac8 23. Rbc1 Rfd8 24. c5 dxc5 25. bxc5 Nxd5 26. c6 Qe6 27. Nb7 Nf4 28. Qxe6
Nxe6 29. Nxd8 Bxd8 30. Kg2 Nd4 31. c7 Rxc7 32. Rxc7 Bxc7 33. Bc3 Be6 34. Bxd4
exd4 35. Rc1 Ba5 36. Ra1 Bc3 37. Rxa6 g6 38. Rb6 b4 39. Rb5 b3 40. Bd5 Bxd5+
41. Rxd5 b2 42. Rb5 h5 43. Kf3 Kg7 44. Rb6 Kf8 45. Ke4 Ke7 46. f4 f6 47. Kd5
Kd7 48. Rb7+ Kc8 49. Kc6 g5 50. f5 1-0

[Event "Autunno Scacchistico Magistrale"]
[Site "Venezia ITA"]
[Date "2003.10.31"]
[Round "2"]
[White "Dragojlovic, Andjelko"]
[Black "Groszpeter, Attila"]
[Result "0-1"]
[WhiteElo "2327"]
[BlackElo "2497"]
[PlyCount "56"]
[EventDate "2003.10.30"]

1. e4 c6 2. d4 d5 3. Nd2 dxe4 4. Nxe4 Bf5 5. Ng3 Bg6 6. Nh3 e6 7. Nf4 Bd6 8. c3
Nf6 9. h4 Bxf4 10. Bxf4 h6 11. h5 Bh7 12. Be2 Nbd7 13. Bd6 Nb6 14. Ba3 Qc7 15.
O-O O-O-O 16. Qb3 g5 17. hxg6 Bxg6 18. Bc5 h5 19. Qa3 h4 20. Qxa7 Nbd5 21. Nh1
h3 22. g3 h2+ 23. Kg2 Nf4+ 24. gxf4 Rdg8 25. Ng3 Qxf4 26. Qa8+ Kc7 27. Qa5+ Kd7
28. c4 Ne4 0-1

[Event "Autunno Scacchistico Magistrale"]
[Site "Venezia ITA"]
[Date "2003.10.31"]
[Round "2"]
[White "Drazic, Sinisa"]
[Black "Jankovic, Alojzije"]
[Result "1/2-1/2"]
[WhiteElo "2467"]
[BlackElo "2383"]
[PlyCount "110"]
[EventDate "2003.10.30"]

1. Nf3 Nf6 2. c4 e6 3. b3 d5 4. Bb2 Nbd7 5. g3 Bd6 6. Bg2 O-O 7. O-O dxc4 8.
bxc4 e5 9. Qc2 Qe7 10. Nc3 c6 11. e3 Nb6 12. d3 Bf5 13. Nd2 Ba3 14. Rab1 Rad8
15. Nce4 Nxe4 16. Nxe4 Bxb2 17. Rxb2 Bxe4 18. Bxe4 f5 19. Bg2 Qc5 20. a4 Kh8
21. Ra1 f4 22. Qe2 fxe3 23. fxe3 Rf7 24. Be4 g6 25. Rf1 Rxf1+ 26. Qxf1 Rf8 27.
Qe1 Qa3 28. Qb4 Nxc4 29. Qxa3 Nxa3 30. Rxb7 Nc2 31. Rxa7 Nxe3 32. h4 Rf1+ 33.
Kh2 Rd1 34. a5 Ng4+ 35. Kh3 Nf2+ 36. Kg2 Nxe4 37. dxe4 Ra1 38. Kf3 h5 39. a6 c5
40. Ke2 c4 41. Kd2 Ra3 42. Kc2 c3 43. Kd3 Kg8 44. Kc2 Kf8 45. Ra8+ Kg7 46. a7
Kh7 47. Kd3 Kg7 48. Kc2 Kh7 49. Kc1 Ra1+ 50. Kc2 Ra3 51. Kb1 Kg7 52. Kc1 Ra1+
53. Kc2 Ra3 54. Kd3 Kh7 55. Kc2 Kg7 1/2-1/2

[Event "Autunno Scacchistico Magistrale"]
[Site "Venezia ITA"]
[Date "2003.10.31"]
[Round "2"]
[White "Genocchio, Daniele"]
[Black "Navarro, Stefano"]
[Result "1-0"]
[WhiteElo "2333"]
[BlackElo "2127"]
[PlyCount "186"]
[EventDate "2003.10.30"]

1. g3 e5 2. Bg2 Nf6 3. Nf3 Nc6 4. d4 exd4 5. Nxd4 Bc5 6. Nb3 Bb4+ 7. c3 Be7 8.
c4 O-O 9. Nc3 Ne5 10. c5 d6 11. f4 Ng6 12. cxd6 Bxd6 13. O-O c6 14. e4 Bc7 15.
h3 Qxd1 16. Rxd1 Bb6+ 17. Kh2 a6 18. e5 Nd7 19. Ne4 Ne7 20. Nd6 Nc5 21. Nd4 Ne6
22. Nf3 g6 23. Nd2 Nd4 24. N2c4 Ba7 25. Be3 Nef5 26. Bg1 Nb5 27. Bxa7 Rxa7 28.
Nxc8 Rxc8 29. a4 Nc7 30. Nb6 Re8 31. Rd7 Ne6 32. Bxc6 Nc5 33. Rc7 Rd8 34. Bd5
Ne6 35. Bxe6 Rd2+ 36. Kg1 fxe6 37. Ra3 Nd4 38. Kf1 Rxb2 39. Rd3 Rb1+ 40. Kf2
Rb2+ 41. Ke3 Nc2+ 42. Ke4 Rb4+ 43. Nc4 Ra8 44. Rc3 Rxa4 45. Kf3 Nd4+ 46. Kg4
Nb5 47. Nb6 Nxc3 48. Rxc3 Rb8 49. Nxa4 b5 50. Nc5 b4 51. Rd3 a5 52. Rd6 b3 53.
Nxb3 Rxb3 54. Ra6 Kf7 55. Ra7+ Kg8 56. Rxa5 Rb7 57. h4 Kg7 58. h5 Rc7 59. Ra6
Re7 60. Ra8 Rd7 61. Kh4 Re7 62. Ra6 Kh6 63. g4 gxh5 64. f5 hxg4 65. Kxg4 Re8
66. Rb6 Rg8+ 67. Kf4 Re8 68. Rc6 Kg7 69. Rc7+ Kh6 70. f6 Ra8 71. Rg7 Ra4+ 72.
Ke3 Ra5 73. Kd4 Rd5+ 74. Ke4 Ra5 75. Rg8 Ra4+ 76. Ke3 Ra7 77. Re8 Kg6 78. Rxe6
Kf7 79. Rb6 Ra4 80. Rb7+ Kg8 81. e6 Ra8 82. Rg7+ Kh8 83. e7 Re8 84. Kf4 Ra8 85.
Rf7 Kg8 86. Rg7+ Kh8 87. Rxh7+ Kxh7 88. f7 Ra4+ 89. Ke5 Ra5+ 90. Kd6 Ra6+ 91.
Kc5 Ra5+ 92. Kb6 Rf5 93. f8=Q Rg5 1-0

[Event "Autunno Scacchistico Magistrale"]
[Site "Venezia ITA"]
[Date "2003.10.31"]
[Round "2"]
[White "Godena, Michele"]
[Black "Jurkovic, Ante"]
[Result "1/2-1/2"]
[WhiteElo "2523"]
[BlackElo "2317"]
[PlyCount "132"]
[EventDate "2003.10.30"]

1. e4 d6 2. d4 Nf6 3. Bd3 e5 4. Nf3 Bg4 5. dxe5 dxe5 6. h3 Bxf3 7. Qxf3 Nbd7 8.
c3 Nc5 9. Bc2 Qd6 10. O-O Be7 11. Na3 Nfd7 12. b4 Ne6 13. Rd1 Qc6 14. Bb3 Nb6
15. Bd5 Qa4 16. Bxb7 Rd8 17. Rxd8+ Nxd8 18. Bd5 Nxd5 19. exd5 O-O 20. Nc4 Bf6
21. Bd2 Nb7 22. Ne3 Nd6 23. Ng4 Bd8 24. Nxe5 Re8 25. Ng4 Qc2 26. Qd1 Qd3 27.
Be1 Qe4 28. Qd4 Qe2 29. Qd1 Qe4 30. Qf3 Qxf3 31. gxf3 Nc4 32. Rd1 f5 33. Ne3
Nxe3 34. fxe3 Rxe3 35. f4 Rxh3 36. d6 cxd6 37. Rxd6 Bb6+ 38. Kg2 Re3 39. Bd2
Re2+ 40. Kf3 Rf2+ 41. Kg3 Re2 42. c4 Kf7 43. c5 Bc7 44. Rd7+ Re7 45. Rxe7+ Kxe7
46. Bc3 g6 47. Be5 Kd7 48. b5 Bd8 49. a4 Kc8 50. Bc3 Be7 51. Bd4 Bd8 52. Bc3
Be7 53. c6 Bd8 54. Bd4 Bb6 55. Bf6 Be3 56. a5 Kc7 57. Be5+ Kc8 58. Kh4 h6 59.
Kg3 g5 60. Kf3 Bc5 61. fxg5 hxg5 62. Bf6 g4+ 63. Kf4 Kc7 64. Kxf5 g3 65. Be5+
Bd6 66. Bxg3 Bxg3 1/2-1/2

[Event "Autunno Scacchistico Magistrale"]
[Site "Venezia ITA"]
[Date "2003.10.31"]
[Round "2"]
[White "Mileto, Gabriele"]
[Black "Kasparov, Sergey"]
[Result "0-1"]
[WhiteElo "2222"]
[BlackElo "2482"]
[PlyCount "90"]
[EventDate "2003.10.30"]

1. c4 c5 2. g3 Nc6 3. Bg2 g6 4. Nc3 Bg7 5. Nf3 e6 6. O-O Nge7 7. e3 O-O 8. d4
d6 9. d5 Na5 10. Qd3 exd5 11. cxd5 a6 12. e4 b5 13. Bf4 Bg4 14. Rfe1 Nc4 15. b3
Bxf3 16. Qxf3 Ne5 17. Qe2 c4 18. bxc4 Nxc4 19. Rac1 Qa5 20. Nb1 Nc8 21. Nd2
N8b6 22. Nb3 Qa3 23. Rc2 Rae8 24. Qd1 Qb4 25. Bd2 Nxd2 26. Qxd2 Qxd2 27. Nxd2
Nxd5 28. Rc6 Nb4 29. Rxd6 Rd8 30. Rxd8 Rxd8 31. Nb3 Nxa2 32. e5 Nb4 33. f4 Bf8
34. Rc1 Rd3 35. Na5 Ra3 36. Nc6 Nd3 37. Rd1 Bc5+ 38. Kf1 Kg7 39. Ke2 Nf2 40.
Rd7 Ra2+ 41. Rd2 Rxd2+ 42. Kxd2 Ng4 43. Ke2 Nxh2 44. Bh3 Bb6 45. Bd7 a5 0-1

[Event "Autunno Scacchistico Magistrale"]
[Site "Venezia ITA"]
[Date "2003.10.31"]
[Round "2"]
[White "Opacic, Alexandar"]
[Black "Navarro, Emanuele"]
[Result "0-1"]
[WhiteElo "2088"]
[BlackElo "2217"]
[PlyCount "88"]
[EventDate "2003.10.30"]

1. e4 d6 2. d4 Nf6 3. Nc3 g6 4. f3 Bg7 5. Be3 Nbd7 6. Qd2 c6 7. Bc4 Qa5 8. g4
b5 9. Bb3 b4 10. Nce2 Ba6 11. c3 bxc3 12. Nxc3 Nb6 13. Nge2 Nc4 14. Bxc4 Bxc4
15. Rc1 Rb8 16. b3 Ba6 17. Bh6 Bxh6 18. Qxh6 Rc8 19. Qe3 c5 20. Kf2 O-O 21.
dxc5 Rxc5 22. Na4 Re5 23. Qc3 Qd8 24. Ng3 Qa8 25. Qd4 Rc8 26. h4 Bb5 27. g5 Nh5
28. Nxh5 gxh5 29. Rxc8+ Qxc8 30. Nc3 a6 31. Rc1 Qh3 32. Nxb5 axb5 33. Ke3 Qxh4
34. Kd3 Qh3 35. Qf2 Rxg5 36. a4 bxa4 37. bxa4 Qd7 38. f4 Rg4 39. Qd4 Rg3+ 40.
Kd2 Qg4 41. Rf1 Rg2+ 42. Kc3 Qe2 43. Qc4 Qb2+ 44. Kd3 Qd2# 0-1

[Event "Autunno Scacchistico Magistrale"]
[Site "Venezia ITA"]
[Date "2003.10.31"]
[Round "2"]
[White "Pechy, Alaster"]
[Black "Roberti, Ignazio"]
[Result "1-0"]
[WhiteElo "2104"]
[BlackElo "1990"]
[PlyCount "159"]
[EventDate "2003.10.30"]

1. d4 Nf6 2. c4 e6 3. Nc3 Bb4 4. Qc2 b6 5. Bg5 Bb7 6. a3 Be7 7. f3 d5 8. e3 O-O
9. cxd5 Nxd5 10. Bxe7 Qxe7 11. Nxd5 exd5 12. Kf2 c5 13. Qd2 Nd7 14. Bb5 f5 15.
Bxd7 Qxd7 16. Ne2 Rac8 17. Nf4 cxd4 18. exd4 Ba6 19. Rhe1 Rfe8 20. h4 g6 21.
Rxe8+ Rxe8 22. Re1 Bc4 23. Rxe8+ Qxe8 24. Qe3 Qxe3+ 25. Kxe3 Kf7 26. g4 fxg4
27. fxg4 Kf6 28. Nh3 h6 29. Kf4 Bf1 30. g5+ hxg5+ 31. hxg5+ Ke6 32. Ng1 Bg2 33.
Ne2 Bf1 34. Nc3 Kd6 35. Nd1 Bd3 36. Kf3 Ke6 37. Ne3 Bf5 38. Ke2 Be4 39. Kd2 Kd6
40. Kc3 Ke6 41. Kb4 Kd6 42. Nf1 Bd3 43. Ng3 Kc6 44. Kc3 Be4 45. Ne2 Kd6 46. Nf4
Bf5 47. Kb4 Kc6 48. Kb3 Kd6 49. Kc3 Be4 50. Kb4 Kc6 51. Kc3 Bf5 52. Kd2 Kd6 53.
Ke3 Be4 54. Ne2 Ke6 55. Kf4 Kd6 56. Nc1 Ke6 57. Na2 Kd6 58. Ke3 Kc6 59. Nc3 Bf5
60. Kf4 Bh3 61. Ke5 Bg2 62. Ne2 Be4 63. Nf4 a6 64. Kf6 Kb5 65. Nxg6 Kc4 66. Ne7
Kxd4 67. Nf5+ Kc5 68. b4+ Kc4 69. g6 d4 70. Nd6+ Kd5 71. Nxe4 Kxe4 72. g7 d3
73. g8=Q Kf3 74. Qd5+ Ke3 75. Qe5+ Kf2 76. Qd4+ Ke2 77. Qe4+ Kd2 78. Ke5 Kc3
79. Qd4+ Kc2 80. Qc4+ 1-0